Sports Quiz

Random Sports or NBA Quiz
Score 0/10 Timer 15:00
0 Plays Today
Salary Player % Correct
$16,806,000Kevin Garnett
100%
$17,142,000Shaquille O'Neal
100%
$15,004,000Alonzo Mourning
95%
$14,000,000Karl Malone
91.7%
$14,795,000Scottie Pippen
90%
$11,020,000Gary Payton
86.7%
$10,800,000Rasheed Wallace
55%
$10,780,000Shawn Kemp
50%
$15,000,000Juwan Howard
43.3%
$11,910,000Larry Johnson
38.3%

You're not logged in!

Compare scores with friends on all Sporcle quizzes.
OR
Log In

Sporcle TV

Today on Sporcle TV


Watch our educational content, quiz creation guides, and fun videos on Sporcle TV.

Show Comments

Extras

Created Sep 19, 2019ReportNominate
Tags:NBA Quiz

Top Quizzes Today


Score Distribution

Paid Content

Your Account Isn't Verified!

In order to create a playlist on Sporcle, you need to verify the email address you used during registration. Go to your Sporcle Settings to finish the process.

Report this User

Report this user for behavior that violates our Community Guidelines.

Details: